000 00643nam a2200229 i 4500
001 C2-0110559
003 PPAK
005 20180727103041.0
008 970622s1961 si |||| ||||| | eng d
040 _aPPAK
_beng
_cPPAK
_erda
082 0 4 _a959.5
_223
090 0 0 _a959.5
_bLAM
_dKWI
100 1 _aLamb, Alastair,
_eauthor
245 1 0 _aChandi Bukit Batu pahat :
_bthree additional notes
264 1 _aSingapore :
_bEastern Universities Press ,
_c1961
300 _a25 pages ;
_c27 cm
336 _2rdacontent
_atext
337 _2rdamedia
_aunmediated
338 _2rdacarrier
_avolume
650 1 0 _aMalaysia - History
942 _ddc
_cB
999 _c27330
_d27330